Los secretos de la atención primaria ambiental /

Wedi'i Gadw mewn:
Manylion Llyfryddiaeth
Prif Awdur: Cúneo, Carlos
Awduron Eraill: Cerda, Rodrigo
Fformat: Texto
Tagiau: Ychwanegu Tag
Dim Tagiau, Byddwch y cyntaf i dagio'r cofnod hwn!

MARC

LEADER 00000 a a2200000 04500
001 48479
003
040
100 |a Cúneo, Carlos  
245 |a Los secretos de la atención primaria ambiental /  |c Carlos Cúneo, Rodrigo Cerda  
700 |a Cerda, Rodrigo  
773 |g número2, (1999), páginas 44-47 : fotos  
999 |c 31567  |d 31567